| 000 | 00833pam a2200253 i 4500 | ||
|---|---|---|---|
| 001 | 392458 | ||
| 005 | 20220301161358.0 | ||
| 008 | 790906s1980 njua b 001 0 eng | ||
| 010 | _a 79021218 | ||
| 020 | _a0135174333 | ||
| 040 |
_aDLC _cDLC _dDLC |
||
| 050 | 0 | 0 |
_aHD 4901, _b.F47 1980 |
| 082 | 0 | 0 | _a331 |
| 100 | 1 | _aFleisher, Belton M. | |
| 245 | 1 | 0 |
_aLabor economics : _btheory, evidence, and policy / _cBelton M. Fleisher, Thomas J. Kniesner. |
| 250 | _a2d ed. | ||
| 260 |
_aEnglewood Cliffs, N.J. : _bPrentice-Hall, _cc1980. |
||
| 300 |
_axiv, 449 p. : _bill. ; _c24 cm. |
||
| 504 | _aIncludes bibliographies and index. | ||
| 650 | 0 | _aLabor economics. | |
| 700 | 1 |
_aKniesner, Thomas J., _ejoint author. |
|
| 906 |
_a7 _bcbc _corignew _d1 _eocip _f19 _gy-gencatlg |
||
| 942 |
_2lcc _hHD 4901 .F47 1980 _cBOOKS |
||
| 999 |
_c31293 _d31293 |
||